| 000 | 00683nam a22002297a 4500 | ||
|---|---|---|---|
| 008 | 150921b xxu||||| |||| 00| 0 eng d | ||
| 020 | _a9780324826999 (student ed.) | ||
| 020 | _a0324826990 (student ed.) | ||
| 041 | 0 | _aeng | |
| 080 | _a330.113 | ||
| 100 | 1 | _aBeatty, Jeffrey F. | |
| 245 | 1 | 0 |
_aIntroduction to business law / _cJeffrey F. Beatty, Susan S. Samuelson. |
| 250 | _aEd. 3. | ||
| 260 |
_aMason, OH : _bSouth-Western Cengage Learning, _c2009. |
||
| 300 |
_a1 v. (various pagings) : _bme il.; _c26 cm. |
||
| 505 | _aIndex: f. L1-L21 | ||
| 650 | 0 | _aE drejta tregëtare | |
| 650 | 0 | _aLigjet | |
| 650 | 0 | _aEkonomi | |
| 700 | 1 | _aSamuelson, Susan S. | |
| 942 |
_2udc _cBK |
||
| 999 |
_c1148 _d1148 |
||